prinsipasasfizik

Saved in:
Bibliographic Details
Main Author: UniversitiTeknologiMalaysia lhUniversitiTeknologiMalaysia
Format: Book
Published: Dewanlb Pustaka
Tags: Add Tag
No Tags, Be the first to tag this record!
Call Number :530Sip

MARC

LEADER 00000pam a2200000 4500
001 9463
003 MY-KLNDU
005 20241218052946.0
035 |a 0000011395 
039 9 |y 200910081508  |z VLOAD 
090 0 0 |a 530Sip 
100 1 0 |a UniversitiTeknologiMalaysia lhUniversitiTeknologiMalaysia 
245 1 0 |a prinsipasasfizik 
260 0 0 |a Dewanlb Pustaka 
999 |a vtls000009339  |c 9463  |d 9463